Симметрии одномерного уравнения Фоккера – Планка – Колмогорова с квадратичной нелокальной нелинейностью; Известия вузов. Физика; Т. 60, № 2
| Parent link: | Известия вузов. Физика: научный журнал/ Национальный исследовательский Томский государственный университет (ТГУ).— , 1957- Т. 60, № 2.— 2017.— [С. 79-84] |
|---|---|
| Egile nagusia: | |
| Egile korporatiboa: | , |
| Beste egile batzuk: | , |
| Gaia: | Заглавие с экрана Одномерное уравнение Фоккера - Планка - Колмогорова с квадратичной нелокальной нелинейностью специального вида представлено в виде объединенной системы дифференциальных уравнений, включающей динамическую систему, описывающую эволюцию моментов искомой функции. Для объединенной системы найдены лиевские симметрии методами классического группового анализа. Рассмотрен пример инвариантно-группового решения, полученного с учетом дополнительного интегрального ограничения. Режим доступа: по договору с организацией-держателем ресурса |
| Hizkuntza: | errusiera |
| Argitaratua: |
2017
|
| Gaiak: | |
| Sarrera elektronikoa: | http://elibrary.ru/item.asp?id=28776861 |
| Formatua: | Baliabide elektronikoa Liburu kapitulua |
| KOHA link: | https://koha.lib.tpu.ru/cgi-bin/koha/opac-detail.pl?biblionumber=653732 |
MARC
| LEADER | 00000naa0a2200000 4500 | ||
|---|---|---|---|
| 001 | 653732 | ||
| 005 | 20250228112448.0 | ||
| 035 | |a (RuTPU)RU\TPU\network\19246 | ||
| 090 | |a 653732 | ||
| 100 | |a 20170328d2017 k||y0rusy50 ca | ||
| 101 | 0 | |a rus | |
| 102 | |a RU | ||
| 135 | |a drcn ---uucaa | ||
| 181 | 0 | |a i | |
| 182 | 0 | |a b | |
| 200 | 1 | |a Симметрии одномерного уравнения Фоккера – Планка – Колмогорова с квадратичной нелокальной нелинейностью |f Е. А. Левченко, А. Ю. Трифонов, А. В. Шаповалов | |
| 203 | |a Текст |c электронный | ||
| 300 | |a Заглавие с экрана | ||
| 320 | |a [Библиогр.: с. 84 (15 назв.)] | ||
| 330 | |a Одномерное уравнение Фоккера - Планка - Колмогорова с квадратичной нелокальной нелинейностью специального вида представлено в виде объединенной системы дифференциальных уравнений, включающей динамическую систему, описывающую эволюцию моментов искомой функции. Для объединенной системы найдены лиевские симметрии методами классического группового анализа. Рассмотрен пример инвариантно-группового решения, полученного с учетом дополнительного интегрального ограничения. | ||
| 333 | |a Режим доступа: по договору с организацией-держателем ресурса | ||
| 461 | |t Известия вузов. Физика |o научный журнал |f Национальный исследовательский Томский государственный университет (ТГУ) |d 1957- | ||
| 463 | |t Т. 60, № 2 |v [С. 79-84] |d 2017 | ||
| 610 | 1 | |a электронный ресурс | |
| 610 | 1 | |a труды учёных ТПУ | |
| 610 | 1 | |a нелокальные уравнения | |
| 610 | 1 | |a уравнение Фоккера-Планка-Колмогорова | |
| 610 | 1 | |a инвариантные системы | |
| 700 | 1 | |a Левченко |b Е. А. |c математик |c ассистент Томского политехнического университета |f 1988- |g Евгений Анатольевич |3 (RuTPU)RU\TPU\pers\30889 | |
| 701 | 1 | |a Трифонов |b А. Ю. |c физик, математик |c профессор Томского политехнического университета, доктор физико-математических наук |f 1963- |g Андрей Юрьевич |3 (RuTPU)RU\TPU\pers\22013 | |
| 701 | 1 | |a Шаповалов |b А. В. |c математик |c профессор Томского политехнического университета, доктор физико-математических наук |f 1949- |g Александр Васильевич |3 (RuTPU)RU\TPU\pers\24404 | |
| 712 | 0 | 2 | |a Национальный исследовательский Томский политехнический университет (ТПУ) |b Физико-технический институт (ФТИ) |b Кафедра высшей математики и математической физики (ВММФ) |3 (RuTPU)RU\TPU\col\18727 |
| 712 | 0 | 2 | |a Национальный исследовательский Томский политехнический университет (ТПУ) |b Физико-технический институт (ФТИ) |b Кафедра высшей математики и математической физики (ВММФ) |b Международная лаборатория математической физики (МЛМФ) |3 (RuTPU)RU\TPU\col\21297 |
| 801 | 2 | |a RU |b 63413507 |c 20170328 |g RCR | |
| 856 | 4 | |u http://elibrary.ru/item.asp?id=28776861 | |
| 942 | |c CF | ||